| 000 | 00396 a2200157 4500 | ||
|---|---|---|---|
| 999 |
_c320854 _d320854 |
||
| 001 | 85781 | ||
| 003 | NUST | ||
| 005 | 20180119203231.0 | ||
| 008 | 180119b xxu||||| |||| 00| 0 eng d | ||
| 020 | _a9780070468221 | ||
| 082 | _a339 WAL | ||
| 100 |
_aWilliam B. Walstad ; Robert C. Bingham _99173 |
||
| 245 |
_aMacroeconomics _hEnglish |
||
| 250 | _a13th | ||
| 260 |
_aNew York _bMcGraw Hill _c1996 |
||
| 300 | _axii 305 p. | ||
| 500 | _aGifted By AM Masood Akhtar | ||
| 942 |
_acaenust _cBK _k339 WAL _2ddc |
||